Gestionar el conocimiento: estrategias de enseñanza y aprendizaje
Salvato in:
| Autore principale: | |
|---|---|
| Natura: | Libro |
| Lingua: | spagnolo |
| Pubblicazione: |
Santa Fe
Homo Sapiens
2001
|
| Soggetti: | |
| Tags: |
Aggiungi Tag
Nessun Tag, puoi essere il primo ad aggiungerne!!
|
MARC
| LEADER | 00000nam a2200000 a 4500 | ||
|---|---|---|---|
| 001 | UCL3189 | ||
| 003 | CL-VaPUC | ||
| 008 | 031114e20010000AG |||||||||||||||||spa|d | ||
| 020 | |a 9508083204 | ||
| 082 | 0 | 4 | |a 371.3 |b GAD |2 21 |
| 100 | |a Gadino, Alfredo |e author |9 480447 | ||
| 245 | 1 | 0 | |a Gestionar el conocimiento: estrategias de enseñanza y aprendizaje |
| 300 | |a 122 p | ||
| 942 | |c BK | ||
| 945 | |d 20031114 00:00:00 |a cmena | ||
| 260 | |a Santa Fe |b Homo Sapiens |c 2001 | ||
| 650 | 0 | |a Métodos de enseñanza |9 270413 | |
| 650 | 0 | |a Cognición |9 270347 | |
| 650 | 0 | |a Gestión del conocimiento |9 469524 | |
| 650 | 0 | |a Métodos de aprendizaje |9 334464 | |
| 583 | |a last modification |c 20031114 00:00:00 |k Rodrigo Vera | ||
| 999 | |c 306310 |d 306308 | ||
| 952 | |0 0 |1 0 |4 0 |6 371_300000000000000_GAD_2001 |7 0 |8 A |9 371236 |a BIBTEO |b BIBTEO |d 2019-11-21 |i 3962024 |o 371.3 GAD 2001 |p 3962024 |r 2025-01-17 |w 2019-11-21 |y BK |k ICR | ||